Rising Tide of Chinese Rural Reform Stories : Changing Lives of Farmers / (Record no. 601652)
[ view plain ]
| 000 -LEADER | |
|---|---|
| fixed length control field | 00433nam a2200133Ia 4500 |
| 008 - FIXED-LENGTH DATA ELEMENTS--GENERAL INFORMATION | |
| fixed length control field | 230907s9999||||xx |||||||||||||| ||und|| |
| 082 ## - DEWEY DECIMAL CLASSIFICATION NUMBER | |
| Classification number | 301.4519 |
| Author Mark | DIJ |
| 100 ## - MAIN ENTRY--PERSONAL NAME | |
| Personal name | DiJun, Fan; Zhenghe, Zhang and Ghuang, Liu. |
| 9 (RLIN) | 116238 |
| 245 #0 - TITLE STATEMENT | |
| Title | Rising Tide of Chinese Rural Reform Stories : Changing Lives of Farmers / |
| 260 ## - PUBLICATION, DISTRIBUTION, ETC. | |
| Place of publication, distribution, etc. | Huang shan Publishing House, |
| Date of publication, distribution, etc. | 2018 |
| 300 ## - PHYSICAL DESCRIPTION | |
| Extent | 293 p. : |
| 650 ## - SUBJECT ADDED ENTRY--TOPICAL TERM | |
| Topical term or geographic name entry element | Chinese Studies |
| 9 (RLIN) | 116239 |
| 942 ## - ADDED ENTRY ELEMENTS (KOHA) | |
| Koha item type | Book |
| Withdrawn status | Lost status | Damaged status | Not for loan | Permanent Location | Current Location | Date acquired | Total Checkouts | Full call number | Barcode | Date last seen | Price effective from | Koha item type |
|---|---|---|---|---|---|---|---|---|---|---|---|---|
| US-Pakistan Center for Advanced Studies in Energy (USPCAS-E) | US-Pakistan Center for Advanced Studies in Energy (USPCAS-E) | 12/13/2021 | 301.4519 DIJ | CAS-ED000042 | 09/12/2023 | 09/12/2023 | Book |
